01005nam a2200265Ia 4500001001100000003000800011006001900019007001500038008004100053020001500094040002100109035002100130050002300151100005200174245005600226260004400282300001100326533015200337650004400489650002000533655002900553710001700582856012500599999001500724ebr5000526CaPaEBRm u cr cn|||||||||010521s2001 vau s 000 p eng d z0585050457 aCaPaEBRcCaPaEBR a(OCoLC)68062910014aPR4359b.A3 2001eb1 aByron, George Gordon Byron,cBaron,d1788-1824.10aDon Juanh[electronic resource] /cby George Byron. aBlacksburg, VA :bVirginia Tech,c2001. a307 p. aElectronic reproduction.bPalo Alto, Calif. :cebrary,d2010.nAvailable via World Wide Web.nAccess may be limited to ebrary affiliated libraries. 0aDon Juan (Legendary character)vPoetry. 0aEnglish poetry. 7aElectronic books.2local2 aebrary, Inc.40uhttp://site.ebrary.com/lib/rucke/Doc?id=5000526zAn electronic book accessible through the World Wide Web; click to view c2860d2860